000 00743nam a22002537a 4500
001 44221
003 UA-OsUOA
005 20210716224029.0
007 ta
008 20070214b un ||||| |||| 00| 0 ukr d
020 _a9663510129
040 _aUA-OsUOA
_bukr
_cUA-OsUOA
_dUA-OsUOA
041 _aukr
080 _a347.731.1(075.8)
090 _a347.731.1(075.8)
_bК64
100 _aКононенко І. В.
245 _aОснови біржового права
_bнавч. посіб.
260 _aК.
_bКондор
_c2007
300 _a576 с.
650 7 _a347 Цивільне право. Судовий устрій
_2UDC
942 _cBK
_2udc
955 _a2
999 _c330345
_d330345